[Event "Open Bali A"]
[Site "Benidorm ESP"]
[Date "2003.11.25"]
[Round "6"]
[White "Monserrats Castell,J"]
[Black "Hernandez Garcia,M"]
[Result "0-1"]
[WhiteElo "2055"]
[BlackElo "2015"]

1.d4 Nf6 2.Bg5 g6 3.Bxf6 exf6 4.e3 Bg7 5.g3 O-O 6.Bg2 d5 7.Ne2 Bf5 8.Nd2 Na6
9.a3 Re8 10.O-O c6 11.Rc1 Nc7 12.c4 Bd3 13.Rc3 dxc4 14.Nxc4 Bxe2 15.Qxe2 Nb5
16.Rd3 Qc7 17.Qc2 Rac8 18.b4 f5 19.Rc1 Qe7 20.Na5 Rc7 21.Qc5 Qf6 22.Qc2 Nd6
23.Nb3 h5 24.h4 g5 25.hxg5 Qxg5 26.Qc5 Bf8 27.Qc2 Ne4 28.Nd2 Bd6 29.Nf3 Qg4
30.Nh2 Qg6 31.Qe2 Rce7 32.d5 f4 33.gxf4 Bxf4 34.exf4 Nxf2 35.Qxf2 Qxd3 36.dxc6 bxc6
37.Rc5 f6 38.Rxc6 Re2 39.Bf1 Qg6+ 40.Bg2 Rxf2 41.Kxf2  0-1

[Event "Open Bali A"]
[Site "Benidorm ESP"]
[Date "2003.11.25"]
[Round "6"]
[White "Ruiz Marana,A"]
[Black "Sanchez Criado,L"]
[Result "1-0"]
[WhiteElo "2089"]
[BlackElo "2180"]

1.d4 d5 2.Bg5 Nf6 3.e3 e6 4.Nf3 Be7 5.Bd3 O-O 6.O-O c5 7.Nbd2 Qb6 8.Rb1 c4
9.Be2 Nc6 10.c3 Qc7 11.Qc2 e5 12.dxe5 Nxe5 13.h3 Nxf3+ 14.Nxf3 Ne4 15.Bxe7 Qxe7
16.Qd1 Rd8 17.Nd4 a6 18.Qe1 Qg5 19.f4 Qg6 20.f5 Qg5 21.Rf4 Re8 22.Bf3 Bd7
23.g4 Nc5 24.Bxd5 Nd3 25.Qg3 Nxf4 26.exf4 Qe7 27.Bxc4 Qe3+ 28.Qxe3 Rxe3 29.Bf1 Rae8
30.Kf2 a5 31.Nf3 Bc6 32.Ne5 Re4 33.Bg2 Rxf4+ 34.Kg3 Bxg2 35.Kxf4 Bxh3 36.Rg1 f6
37.Nc4 a4 38.Ne3 Re5 39.Rh1 Rxe3 40.Kxe3 Bxg4 41.Kf4 Be2 42.b3 axb3 43.axb3 g5+
44.fxg6 hxg6 45.Re1 Bb5 46.Re7 Bc6 47.Rc7 Kf8 48.c4 Ke8 49.b4 Kd8 50.Rg7 f5
51.Rxg6 Be4 52.Rg7 Kc8 53.Ke5 Kb8 54.c5 Bd3 55.Rf7 Ka7 56.c6 Kb6 57.c7  1-0

[Event "13th WSen"]
[Site "Bad Zwischenahn GER"]
[Date "2003.11.26"]
[Round "8"]
[White "Chernikov,O"]
[Black "Krueger,E"]
[Result "1-0"]
[WhiteElo "2453"]
[BlackElo "2226"]

1.d4 Nf6 2.Bg5 c5 3.Bxf6 gxf6 4.e3 cxd4 5.exd4 Qb6 6.b3 Nc6 7.Nf3 f5 8.c3 Bg7
9.Nbd2 d5 10.Bd3 O-O 11.O-O Qc7 12.Rc1 Qf4 13.Re1 Bh6 14.Rc2 Kh8 15.Ne5 Nxe5
16.Rxe5 e6 17.Qh5 Bd7 18.Nf3 Rg8 19.Kf1 f6 20.Re3 Rg6 21.Nh4 Rg4 22.g3 Qg5
23.Qf7 Qg7 24.Qxg7+ Kxg7 25.Nxf5+ Kh8 26.Nh4 Rg7 27.f4 f5  1-0

[Event "VIII Mirko Srajber Mem"]
[Site "Subotica SCG"]
[Date "2003.12.02"]
[Round "5"]
[White "Benkovic,P"]
[Black "Popovic,Du"]
[Result "0-1"]
[WhiteElo "2463"]
[BlackElo "2448"]

1.d4 Nf6 2.Bg5 g6 3.Bxf6 exf6 4.e3 d5 5.c4 dxc4 6.Bxc4 Bd6 7.Nc3 O-O 8.Qc2 Nd7
9.h4 Nb6 10.Bb3 c5 11.dxc5 Bxc5 12.Nge2 Bf5 13.e4 Bg4 14.h5 g5 15.a4 Rc8
16.Rd1 Qe7 17.a5 Nd7 18.Bd5 Ne5 19.Qb3 b6 20.axb6 Bxb6 21.Qb5 Rb8 22.Qa4 Bc5
23.b3 Rfc8 24.Bc4 Nxc4 25.bxc4 Bxe2 26.Kxe2 Rb4 27.Qa2 Qe5 28.Rh3 Bb6 29.Kf1 Rbxc4
30.Ne2 Rxe4 31.Rf3 Re8 32.Rd2 g4 33.Rg3 Qf5 34.f3 Qc5 35.Rd4 Rxd4 36.Nxd4 Qc1+  0-1

[Event "33rd Rilton Cup"]
[Site "Stockholm SWE"]
[Date "2003.12.04"]
[Round "8"]
[White "Lindberg,Bo"]
[Black "Volke,K"]
[Result "1-0"]
[WhiteElo "2294"]
[BlackElo "2467"]

1.d4 Nf6 2.Bg5 d5 3.e3 c6 4.Bd3 Qb6 5.Qc1 Bg4 6.f3 Bh5 7.Ne2 Nbd7 8.O-O e5
9.Nd2 Be7 10.Bf5 Qd8 11.c4 O-O 12.Qc2 Bg6 13.Rad1 Re8 14.Rfe1 Qa5 15.a3 Qa6
16.Ng3 exd4 17.exd4 Bd6 18.Bxg6 hxg6 19.c5 Bxg3 20.hxg3 Re2 21.Be3 Re8 22.Rxe2 Qxe2
23.Bf2 Qa6 24.Nb3 Nf8 25.Nc1 Qa5 26.Nd3 N6d7 27.Qd2 Qa4 28.Rc1 Ne6 29.Qc3 Nc7
30.b3 Qxa3 31.Ra1 Nb5 32.Rxa3 Nxc3 33.Rxa7 Rb8 34.Nb4 Nb5 35.Ra4 Nf8 36.g4 Ne6
37.Nc2 Re8 38.Bg3 f5 39.gxf5 gxf5 40.Kf1 Kf7 41.Bf2 g5 42.g4 Kg6 43.Na3 Nec7
44.Bg3 Re3 45.gxf5+ Kxf5 46.Bxc7 Nxc7 47.Rb4 Rxf3+ 48.Ke2 Rh3 49.Rxb7 Ne6
50.Nc2 g4 51.Ne3+ Kg5 52.Rb8 Nxd4+ 53.Kd2 g3 54.Rg8+ Kf6 55.b4 Ne6 56.Ke2 d4
57.Nc4 Ng5 58.Rf8+ Ke6 59.Rg8 d3+ 60.Kd2 Nf3+ 61.Kc3 Kf7 62.Rg4 Nh2 63.Rf4+ Ke7
64.Ne3 Ke6 65.Ng2 Rh8 66.Kxd3 Ra8 67.Re4+ Kf6 68.Re3 Kf5 69.Kc4 Kg4 70.Re7 Ra2
71.Rg7+ Kf3 72.Nh4+ Kf4 73.Kb3 Re2 74.b5 cxb5 75.c6 Re6 76.c7 Rc6 77.Kb4 Nf3
78.Rf7+ Ke5 79.Nxf3+ Kd6 80.Nd4 Rc4+ 81.Kxb5 g2 82.Kxc4 g1=Q 83.c8=N+ Ke5
84.Rf5+ Ke4 85.Nd6+ Ke3 86.Rf3+ Kd2 87.Ne4+ Kd1 88.Rd3+ Kc1 89.Ne2+  1-0

[Event "22nd SEA Games Team Rapid"]
[Site "Ho Chi Minh City VIE"]
[Date "2003.12.05"]
[Round "2.1"]
[White "Lim Chuing Hoong"]
[Black "Paragua,M"]
[Result "0-1"]
[WhiteElo "2276"]
[BlackElo "2500"]

1.d4 Nf6 2.Bg5 d5 3.e3 c5 4.c3 Nc6 5.Nd2 e5 6.dxe5 Nxe5 7.Ngf3 Nc6 8.Bd3 Be7
9.O-O O-O 10.Qc2 h6 11.Bh4 Be6 12.Rfe1 Qc8 13.e4 Rd8 14.exd5 Nxd5 15.Bxe7 Ndxe7
16.Rad1 Qc7 17.Nc4 Rd5 18.Ne3 Rd7 19.Bh7+ Kh8 20.Rxd7 Qxd7 21.Rd1 Qc7 22.Be4 Rd8
23.b3 Rd6 24.h3 b6 25.Qe2 Rxd1+ 26.Qxd1 Kg8 27.Qe2 g6 28.Bd3 Ne5 29.Nxe5 Qxe5
30.Nf5 Qf6 31.Nxh6+ Kg7 32.Qd2 Nd5 33.c4 Nf4 34.Bf1 Qg5 35.Qc3+ f6 36.Ng4 Bxg4
37.hxg4 Qxg4 38.Qe3 Ne6 39.Be2 Qf5 40.Bd3 Qg4 41.Be2 Qf5 42.Bd3 Qg4 43.g3 Kf7
44.Be4 Ng5 45.Bd5+ Kf8 46.Qd3 Kg7 47.Bg2 Nf7 48.Qd5 Qc8 49.Kh2 Ne5 50.Kg1 Qd7
51.f4 Qxd5 52.cxd5 Nf7 53.Kf2 Nd6 54.g4 g5 55.Ke3 Kf7 56.Bf1 Ke7 57.Bd3 b5
58.a4 a6 59.axb5 axb5 60.f5 Kd7 61.Kd2 Kc7 62.Kc2 Kb6 63.b4 c4 64.Be2 Kc7
65.Kd2 Nb7 66.Bf3 Kd6 67.Be4 Nd8 68.Bc2 Nf7 69.Bd1 Ne5  0-1

[Event "22nd SEA Games Team Rapid"]
[Site "Ho Chi Minh City VIE"]
[Date "2003.12.05"]
[Round "2.2"]
[White "Tu Hoang Thong"]
[Black "Jiravorasuk,B"]
[Result "1-0"]
[WhiteElo "2510"]
[BlackElo "2276"]

1.d4 Nf6 2.Bg5 d5 3.e3 c6 4.Nd2 Nbd7 5.f4 Qb6 6.Rb1 h6 7.Bh4 g6 8.Bd3 Bg7
9.Ngf3 Nf8 10.O-O Bg4 11.h3 Bf5 12.Ne5 Bxd3 13.cxd3 e6 14.b4 N6d7 15.Kh1 f6
16.Nef3 g5 17.Bg3 Ng6 18.Nh2 h5 19.fxg5 fxg5 20.Nb3 Nh4 21.Nc5 Nf5 22.Bf2 Nxc5
23.dxc5 Qc7 24.Qe1 Be5 25.Nf3 Ng3+ 26.Bxg3 Bxg3 27.Qc3 Qe7 28.Nd4 Qd7 29.b5 cxb5
30.Rxb5  1-0

[Event "22nd SEA Games Team Standard"]
[Site "Ho Chi Minh City VIE"]
[Date "2003.12.07"]
[Round "2"]
[White "Lim Chuing Hoong"]
[Black "Saeheng,B"]
[Result "1-0"]
[WhiteElo "2276"]
[BlackElo "2265"]

1.d4 Nf6 2.Bg5 d5 3.e3 e6 4.Nd2 c5 5.c3 Nbd7 6.f4 Be7 7.Ngf3 O-O 8.Bd3 Re8
9.O-O Qb6 10.Rb1 Nf8 11.Ne5 N6d7 12.Qh5 Ng6 13.Bxe7 Rxe7 14.Rf3 cxd4 15.exd4 Nf6
16.Qg5 Bd7 17.Rh3 Rae8 18.Qg3 a6 19.Qf3 Bc8 20.g4 Qa7 21.g5 Nd7 22.Qh5 Ndf8
23.Rf1 b5 24.Ng4 e5 25.fxe5 Bxg4 26.Qxg4 Nxe5 27.Bxh7+ Nxh7 28.Qh5  1-0

[Event "22nd SEA Games Team Standard"]
[Site "Ho Chi Minh City VIE"]
[Date "2003.12.08"]
[Round "5"]
[White "Tu Hoang Thong"]
[Black "Paragua,M"]
[Result "0-1"]
[WhiteElo "2510"]
[BlackElo "2500"]

1.d4 Nf6 2.Bg5 d5 3.e3 c5 4.c3 Nc6 5.Nd2 e5 6.dxe5 Nxe5 7.Ngf3 Nc6 8.Bd3 Be7
9.O-O O-O 10.Re1 h6 11.Bh4 Be6 12.e4 d4 13.c4 Nd7 14.Bg3 a6 15.h3 Nb4 16.Bf1 d3
17.Qb3 Nc2 18.Qxb7 Nxa1 19.Rxa1 Nf6 20.Rc1 a5 21.Rc3 Qd7 22.Qb6 Qa4 23.a3 Nd7
24.Qb7 Rad8 25.Bxd3 Qd1+ 26.Bf1 Bg5 27.Nb3 a4 28.Na5 Nf6 29.Nc6 Rde8 30.Nfe5 Rb8
31.Qe7 Rxb2 32.Rd3 Qa1  0-1

[Event "22nd SEA Games Standard"]
[Site "Ho Chi Minh City VIE"]
[Date "2003.12.10"]
[Round "5"]
[White "Torre,E"]
[Black "Megaranto,S"]
[Result "1/2-1/2"]
[WhiteElo "2520"]
[BlackElo "2437"]

1.d4 d5 2.Bg5 Nf6 3.e3 Nbd7 4.Nf3 e6 5.c4 Be7 6.Nc3 O-O 7.Qc2 a6 8.c5 c6
9.b4 h6 10.Bf4 b6 11.Rb1 a5 12.b5 Bb7 13.bxc6 Bxc6 14.cxb6 Nxb6 15.Bd3 Rc8
16.O-O Bb4 17.Qb3 Nc4 18.h3 Qe7 19.Rfc1 Ne4 20.Nxe4 dxe4 21.Bxc4 exf3 22.d5 Bxd5
23.Bxd5 exd5 24.Qxd5 fxg2 25.Qf5 Qe6 26.Qxe6 fxe6 27.Kxg2 Rfd8 28.Be5 Rxc1
29.Rxc1 Rd5 30.Rc8+ Kh7 31.Bd4 Bd6 32.Ra8 Be5 33.Bxe5 Rxe5 34.h4 Kg6 35.Ra7 Rc5
36.Kg3  1/2-1/2

[Event "II Open"]
[Site "San Salvador ESA"]
[Date "2003.12.11"]
[Round "4"]
[White "Lievano,J"]
[Black "Valdes,Le"]
[Result "1/2-1/2"]
[WhiteElo "2165"]
[BlackElo "2365"]

1.d4 Nf6 2.Bg5 g6 3.Bxf6 exf6 4.c4 Bg7 5.Nc3 f5 6.e3 O-O 7.g3 d6 8.Bg2 Nd7
9.Nge2 h5 10.O-O h4 11.b4 Nf6 12.b5 Rb8 13.a4 hxg3 14.hxg3 Ng4 15.Nf4 Re8
16.Bf3 Bd7 17.Qd3 c6 18.a5 a6 19.bxa6 bxa6 20.Na4 Qxa5 21.Nc5 Qd8 22.Nxd7 Qxd7
23.Rxa6 Rec8 24.Rb1 Rxb1+ 25.Qxb1 Bh6 26.Qb6 Bxf4 27.gxf4 Qe7 28.Bxg4 fxg4
29.Ra7 Qe6 30.Qb7 d5 31.cxd5 cxd5 32.Ra8 Rxa8 33.Qxa8+ Kh7 34.Qb8 g3 35.Qe5 Qh3
36.fxg3 Qxg3+  1/2-1/2

[Event "22nd SEA Games Standard"]
[Site "Ho Chi Minh City VIE"]
[Date "2003.12.13"]
[Round "9"]
[White "Torre,E"]
[Black "Wu Shaobin"]
[Result "1/2-1/2"]
[WhiteElo "2520"]
[BlackElo "2528"]

1.d4 Nf6 2.Bg5 d5 3.e3 c5 4.Bxf6 gxf6 5.dxc5 Nc6 6.Nd2 e6 7.Nb3 Bxc5 8.Nxc5 Qa5+
9.c3 Qxc5 10.g3 Bd7 11.Ne2 Rc8 12.Bg2 Ne5 13.O-O Bb5 14.Qd2 O-O 15.Rfe1 Bxe2
16.Qxe2 f5 17.Qh5 f6 18.Qd1 Rc7 19.Qb3 Kg7 20.Rad1 b6 21.Rd4 Rfc8 22.Red1 Nc6
23.Rh4 Ne5 24.Qc2 Qe7 25.Kh1 Kh8 26.Qe2 Rg8 27.Rhd4 Nc6 28.Rf4 Ne5 29.Rh4 Qc5
30.Rhd4 Nc6 31.Rf4 Ne5 32.Rh4 Rcg7 33.Rhd4 Rc7 34.f3 Qe7 35.e4 dxe4 36.fxe4 fxe4
37.Bxe4 Rd7 38.Bg2 Rgd8 39.Qe4 Ng6 40.Bh3 Rxd4 41.Rxd4 Rxd4 42.cxd4 f5 43.Qc6 Qf7  1/2-1/2

[Event "3rd NAO GM"]
[Site "Paris FRA"]
[Date "2003.12.22"]
[Round "8"]
[White "Marzolo,C"]
[Black "Shchekachev,A"]
[Result "1/2-1/2"]
[WhiteElo "2462"]
[BlackElo "2522"]

1.d4 Nf6 2.Bg5 d5 3.Nc3 c6 4.e3 Qb6 5.Rb1 g6 6.Bxf6 exf6 7.Nf3 f5 8.Be2 Nd7
9.O-O Bd6 10.g3 O-O 11.b4 a6 12.a4 Nf6 13.a5 Qd8 14.Na4 Qe7 15.c3 Re8 16.Rb2 Kg7
17.Qb3 Rb8 18.Nc5 Be6 19.c4 dxc4 20.Nxe6+ fxe6 21.Bxc4 Nd5  1/2-1/2

[Event "19th Winter Open"]
[Site "Nice FRA"]
[Date "2003.12.26"]
[Round "1"]
[White "Ruiz,R"]
[Black "Lazarev,V"]
[Result "0-1"]
[WhiteElo "2153"]
[BlackElo "2526"]

1.d4 Nf6 2.Bg5 d5 3.Nc3 Nbd7 4.Nf3 g6 5.Qd2 h6 6.Bf4 c6 7.Ne5 Bg7 8.h3 Nb6
9.f3 Nh5 10.Bh2 Bxe5 11.dxe5 Nc4 12.Qd4 Ng7 13.Nd1 Nf5 14.Qc3 Be6 15.Qd3 d4
16.b3 Qa5+ 17.Kf2 Nxe5 18.Qe4 Nd7 19.c4 dxc3 20.Qc2 Nf6 21.Qxc3 Qb6+ 22.e3 O-O
23.g4 Nd5 24.Qe5 Ng7 25.Bc4 Rad8 26.Re1 Nb4 27.Qc3 Bxc4 28.Qxc4 Nd3+ 29.Kf1 Nxe1
30.Kxe1 Qa5+  0-1

[Event "24th Open"]
[Site "Bethune FRA"]
[Date "2003.12.27"]
[Round "3"]
[White "Levers,T"]
[Black "Depoorter,E"]
[Result "0-1"]
[WhiteElo "2018"]
[BlackElo "2146"]

1.d4 Nf6 2.Bg5 c5 3.Bxf6 gxf6 4.dxc5 Qa5+ 5.Nd2 Qxc5 6.g3 f5 7.Bg2 Bg7 8.c3 Nc6
9.Ngf3 d6 10.Nb3 Qb6 11.e3 O-O 12.O-O Rd8 13.Qe2 d5 14.Rfd1 a5 15.Nbd4 a4
16.Bh3 e6 17.Rab1 Ne7 18.Nh4 Qc5 19.Qc2 Bd7 20.Bf1 Bf6 21.Kh1 Rdc8 22.Bd3 Rc7
23.Qe2 a3 24.Rdc1 axb2 25.Rxb2 Ra3 26.Rb3 Ba4 27.Rxa3 Qxa3 28.Qd2 Nc8 29.Nhf3 Nd6
30.Ng1 Rc8 31.Nge2 Bd7 32.Rb1 Ra8 33.Rb2 e5 34.Nb5 Bxb5 35.Bxb5 Ne4 36.Qc2 Nxf2+
37.Kg2 Ng4 38.Kf3 e4+  0-1

[Event "Open"]
[Site "Interlaken SUI"]
[Date "2003.12.27"]
[Round "2"]
[White "Rukavina,J"]
[Black "Hort,V"]
[Result "1-0"]
[WhiteElo "2422"]
[BlackElo "2546"]

1.d4 Nf6 2.Bg5 c5 3.Bxf6 gxf6 4.d5 Qb6 5.Qc1 f5 6.e3 Bg7 7.Nc3 d6 8.Bb5+ Nd7
9.Nge2 O-O 10.Bxd7 Bxd7 11.O-O Qb4 12.Rb1 b5 13.e4 Kh8 14.Re1 Qc4 15.Qg5 Bf6
16.Qh5 b4 17.b3 Qa6 18.Nd1 Rg8 19.Ne3 Rg5 20.Qf3 fxe4 21.Qxe4 Re5 22.Qf3 Rg8
23.Ng3 Qc8 24.Nc4 Rxe1+ 25.Rxe1 Rg6 26.Ne4 Bg4 27.Qf4 Qf5 28.Qxf5 Bxf5 29.Nxf6 Rxf6
30.Rxe7 Bxc2 31.Rxa7 Bd3 32.Ne3 Kg7 33.g3 Rf3 34.Rd7 Bb1 35.Rxd6 Bxa2 36.Rc6 Bxb3
37.Rxc5 Ba2 38.Rb5 b3 39.d6 Rf6 40.d7  1-0

[Event "19th Winter Open"]
[Site "Nice FRA"]
[Date "2003.12.27"]
[Round "2"]
[White "Cornette,M"]
[Black "Tournier,Math"]
[Result "1-0"]
[WhiteElo "2399"]
[BlackElo "2202"]

1.d4 d5 2.Bg5 Nf6 3.Bxf6 exf6 4.e3 c6 5.Nd2 Bd6 6.Bd3 O-O 7.Qf3 Re8 8.Ne2 Na6
9.c3 Nc7 10.g4 c5 11.h4 Ne6 12.Qxd5 cxd4 13.cxd4 Rb8 14.O-O-O b5 15.Ne4 Rb6
16.Nxd6 Rxd6 17.Qxb5 Bd7 18.Qb3 Qa5 19.Kb1 Bc6 20.Rhg1 Bf3 21.Qb5 Qxb5 22.Bxb5 Rb8
23.Bd3 a5 24.Rg3 Bxe2 25.Bxe2 Nc7 26.Bc4 Rc6 27.Rc1  1-0

[Event "19th Winter Open"]
[Site "Nice FRA"]
[Date "2003.12.27"]
[Round "3"]
[White "Theon,P"]
[Black "Olivier,JC"]
[Result "0-1"]
[WhiteElo "2203"]
[BlackElo "2398"]

1.d4 Nf6 2.Bg5 d5 3.Bxf6 exf6 4.e3 Be6 5.g3 c6 6.Nd2 Nd7 7.Ne2 f5 8.b3 Nf6
9.Bg2 Ne4 10.O-O Bd6 11.c4 Nxd2 12.Qxd2 dxc4 13.d5 cxd5 14.bxc4 dxc4 15.Bxb7 Rb8
16.Bc6+ Ke7 17.Qc3 Qc7 18.Nd4 Bb4 19.Qc2 Rhc8 20.Rfd1 Bd6 21.Bd5 Bxd5 22.Nxf5+ Kf8
23.Rxd5 Bb4 24.Rad1 Kg8 25.Qe4 Bf8 26.Rd7 Qb6 27.Ne7+ Bxe7 28.Qxe7 Qf6 29.Qa3 c3
30.R7d4 g6 31.Rc1 c2 32.Kg2 Rb6 33.Rd2 Qb2 34.Qxb2 Rxb2 35.Kf3 Rxa2 36.Ke4 Kg7
37.Rd7 Kf6 38.Kd3 a5 39.Ra7 Rc6 40.e4 Ke6 41.f4 Rd6+ 42.Kc3 Ra4 43.Rxc2 Rc6+
44.Kd3 Rxc2 45.Kxc2 Rxe4 46.Rxa5 Re2+ 47.Kd3 Rxh2 48.Ke4 Rd2 49.g4 Kf6 50.Ra6+ Kg7
51.g5 h5 52.gxh6+ Kxh6 53.f5 Rf2 54.fxg6 fxg6 55.Ra3 Kh5 56.Rg3 g5 57.Ke3 Rf1
58.Ke2 Rf5 59.Rg1 Kh4 60.Rh1+ Kg3 61.Rg1+ Kh2 62.Rg4 Kh3 63.Rg1 g4  0-1

[Event "North American Open"]
[Site "Las Vegas USA"]
[Date "2003.12.28"]
[Round "4"]
[White "Steinfl,A"]
[Black "De Guzman,R"]
[Result "1/2-1/2"]
[WhiteElo "2275"]
[BlackElo "2417"]

1.d4 Nf6 2.Bg5 d5 3.Bxf6 exf6 4.e3 c6 5.c4 Bb4+ 6.Nc3 O-O 7.Bd3 dxc4 8.Bxc4 Qe7
9.Ne2 Nd7 10.O-O f5 11.Qc2 Nb6 12.Bb3 Bd7 13.Rac1 g6 14.Nf4 Bd6 15.Nce2 Kg7
16.Nd3 Be6 17.Nef4 Bxb3 18.Qxb3 Rab8 19.Qc3 Kg8 20.b4 g5 21.Nh5 Nd5 22.Qb2 Rfe8
23.Nc5 f6 24.Qb1 Qf7 25.Ng3 f4 26.Nf5 Bf8 27.e4 Nc7 28.f3 Nb5 29.Rfd1 Nd6
30.Nxd6 Bxd6 31.d5 Rbc8 32.Ne6 cxd5 33.exd5 Qg6 34.Qb3 g4 35.Rxc8 Rxc8 36.Nc5 Re8
37.Ne4 f5 38.Nxd6 Qxd6 39.Qd3 Re5 40.Qc4 gxf3 41.gxf3 Kf7 42.Qc5 Ke7 43.a3 Re2
44.Kh1 Qxc5 45.bxc5 Kd7 46.Rd4 Rc2 47.Rxf4 Rxc5 48.Rxf5 Kd6 49.Rh5 Rc7 50.Kg2 b5
51.Kf2 Re7 52.Rh6+ Kxd5 53.Ra6 Kd4 54.Kg3 Ke3 55.Ra5 Rg7+ 56.Kh4 Rb7 57.Kg4 Rg7+
58.Kf5 Kxf3 59.Rxb5 Kg2 60.h4 Kg3  1/2-1/2

[Event "19th Winter Open"]
[Site "Nice FRA"]
[Date "2003.12.28"]
[Round "5"]
[White "Cornette,M"]
[Black "Hamdouchi,H"]
[Result "0-1"]
[WhiteElo "2399"]
[BlackElo "2588"]

1.d4 Nf6 2.Bg5 c5 3.d5 Ne4 4.Bf4 e6 5.f3 Bd6 6.Bxd6 Nxd6 7.Qd2 O-O 8.e4 b5
9.Nc3 Qb6 10.b3 e5 11.Nh3 Na6 12.Rb1 Rb8 13.Be2 b4 14.Na4 Qc7 15.Nb2 f5 16.O-O f4
17.g3 fxg3 18.hxg3 Qd8 19.Qe3 Nf7 20.f4 d6 21.f5 Nc7 22.g4 h6 23.Kh2 Qh4
24.Qf2 Qxf2+ 25.Rxf2 Ne8 26.Rg1 Nf6 27.Bd3 Nh7 28.Nc4 Bd7 29.Nd2 Nhg5 30.Nxg5 Nxg5
31.Nf3 Kf7 32.Nxg5+ hxg5 33.Kg3 Rh8 34.Rh2 Rxh2 35.Kxh2 Bb5 36.Kg2 Bxd3 37.cxd3 Rb5
38.Kf2 Ra5 39.Ra1 Ra3 40.Ke2 a5 41.Kd2 a4 42.bxa4 Rxa4 43.a3 bxa3 44.Kc3 Ke7
45.Kb3 Rd4 46.Kxa3 c4 47.dxc4 Rxc4 48.Re1 Rc3+ 49.Kb4 Rg3 50.Kb5 Rxg4 51.Ra1 Rxe4
52.Ra7+ Kf6 53.Kc6 g4 54.Kxd6 g3 55.Ra6 Rg4 56.Ra1 g2 57.Rg1 Kxf5  0-1

[Event "North American Open"]
[Site "Las Vegas USA"]
[Date "2003.12.29"]
[Round "5"]
[White "Lein,A"]
[Black "Rowley,R"]
[Result "1/2-1/2"]
[WhiteElo "2391"]
[BlackElo "2291"]

1.d4 Nf6 2.Bg5 c5 3.c3 Qb6 4.Qb3 cxd4 5.Qxb6 axb6 6.Bxf6 gxf6 7.cxd4 Nc6
8.e3 Nb4 9.Kd2 d5 10.Nc3 Bd7 11.Nf3 e6 12.Be2 Bd6 13.a3 Nc6 14.b4 Ke7 15.Kc2 Na7
16.Kb2 Rhc8 17.g3 Kd8 18.Nd2 Rc7 19.h3 Be7 20.g4 Nc8 21.f3 Nd6 22.e4 Rac8
23.Rac1 dxe4 24.fxe4 Bf8 25.e5 Ne8 26.Nb5 Rxc1 27.Rxc1 Rxc1 28.Kxc1 fxe5
29.dxe5 Bg7 30.Nf3 Bc6 31.Kd2 Bxf3 32.Bxf3 Bxe5 33.Bxb7 Nd6 34.Nxd6 Bxd6
35.Kd3 h6 36.Kc4 Bg3 37.Kb5 Bf2 38.Kc6 Ke7 39.Ba6 f5 40.gxf5 exf5  1/2-1/2

[Event "46th It"]
[Site "Reggio Emilia ITA"]
[Date "2003.12.29"]
[Round "3"]
[White "Georgiev,Vl"]
[Black "Bellini,F"]
[Result "1-0"]
[WhiteElo "2596"]
[BlackElo "2503"]

1.d4 d5 2.Bg5 Nf6 3.Bxf6 exf6 4.e3 Be6 5.Nf3 Bd6 6.Bd3 O-O 7.Nbd2 Nd7 8.Nh4 Re8
9.c3 c5 10.Nf5 Bxf5 11.Bxf5 cxd4 12.cxd4 Bb4 13.O-O Bxd2 14.Qxd2 g6 15.Bd3 f5
16.Rac1 Qb6 17.Rc3 Rac8 18.Rfc1 Rxc3 19.Qxc3 Nf6 20.a4 f4 21.Bb5 Rf8 22.exf4 Ne4
23.Qe3 Nd6 24.h4 Nxb5 25.axb5 Qxb5 26.f5 Re8 27.Qh6 Qb6 28.h5 gxf5 29.Qf4 h6
30.Rc7 Qf6 31.Rxb7 Re1+ 32.Kh2 Qg5 33.Qxg5+ hxg5 34.Rb5 Re2 35.Kg3 g4 36.b4 f4+
37.Kxg4 Rxf2 38.Rxd5 Rxg2+ 39.Kxf4 a6 40.Rg5+  1-0

[Event "ch-AUS"]
[Site "Adelaide AUS"]
[Date "2003.12.30"]
[Round "2"]
[White "Depasquale,C"]
[Black "Rogers,I"]
[Result "0-1"]
[WhiteElo "2327"]
[BlackElo "2574"]

1.d4 Nf6 2.Bg5 c5 3.Bxf6 gxf6 4.d5 Qb6 5.Qc1 f5 6.g3 Bg7 7.c3 d6 8.Nd2 O-O
9.Nh3 Nd7 10.Bg2 Nf6 11.O-O Qa6 12.Qc2 Bh6 13.e3 Bd7 14.Rfe1 Rae8 15.a4 e6
16.c4 Qb6 17.a5 Qc7 18.Nf4 e5 19.Nd3 e4 20.Nf4 Ng4 21.Ra3 Qd8 22.f3 Bxf4
23.fxg4 Bh6 24.gxf5 Bxf5 25.Rf1 Bc8 26.Qd1 f5 27.Qh5 Bg7 28.g4 Re5 29.g5 Re7
30.Ra2 Be5 31.b3 Rg7 32.h4 Bg3 33.Nb1 Bd7 34.Bh3 Be8 35.Qh6 Rg6 36.Qh5 Re6
37.Qd1 Re5 38.Rg2 Bxh4 39.Nc3 Bg6 40.Nb5 a6 41.Nxd6 Qxd6 42.Rf4 Qd8 43.Rxh4 Qxa5
44.Rf4 Qc3 45.Rg3 b5 46.Bf1 b4 47.Kh2 Ree8 48.Rf2 Qe5 49.Rf4 a5 50.Qb1 Ra8
51.Qa2 Rfb8 52.Rg2 Qc3 53.Qd2 Qxd2 54.Rxd2 a4 55.Kg3 axb3 56.Rff2 f4+ 57.Rxf4 Ra2
58.Rff2 Rf8 59.Rxa2 bxa2 60.Rxa2 Rxf1 61.Ra5 b3 62.Rb5 Rf3+ 63.Kg2 Rxe3 64.Rxc5 Rd3
65.Rb5 e3 66.Kf3 Bh5+ 67.Ke4 e2  0-1

[Event "Christmas Open"]
[Site "Zurich SUI"]
[Date "2003.12.30"]
[Round "7"]
[White "Skembris,S"]
[Black "Jaeggi,D"]
[Result "1-0"]
[WhiteElo "2439"]
[BlackElo "2216"]

1.d4 Nf6 2.Bg5 g6 3.Nc3 d5 4.Bxf6 exf6 5.e4 Bb4 6.exd5 Bxc3+ 7.bxc3 Qxd5
8.Nf3 O-O 9.Be2 Be6 10.c4 Qa5+ 11.Qd2 Qxd2+ 12.Kxd2 Nd7 13.a4 a5 14.Rhb1 b6
15.Ne1 Rad8 16.Kc3 Rfe8 17.Bf3 Bf5 18.Nd3 Be4 19.Bxe4 Rxe4 20.Re1 Rde8 21.Rxe4 Rxe4
22.Re1 Rxe1 23.Nxe1 Kf8 24.Nd3 Ke7 25.c5 bxc5 26.dxc5 Ne5 27.Kd4 Nxd3 28.cxd3 Ke6
29.g4 c6 30.Ke4 f5+ 31.gxf5+ gxf5+ 32.Kd4 f4 33.Ke4 f3 34.d4 h5 35.h4 f6
36.Kxf3 Kf5 37.Ke3  1-0

[Event "Keres Mem Rapid"]
[Site "Tallinn EST"]
[Date "2004.01.03"]
[Round "2"]
[White "Radjabov,T"]
[Black "Rozentalis,E"]
[Result "1/2-1/2"]
[WhiteElo "2656"]
[BlackElo "2625"]

1.d4 Nf6 2.Bg5 d5 3.e3 c6 4.Nd2 Bf5 5.Bxf6 exf6 6.c4 dxc4 7.Bxc4 b5 8.Be2 Be7
9.Ngf3 O-O 10.O-O Qb6 11.Nh4 Be6 12.Bg4 Nd7 13.Bf5 g6 14.Bxe6 fxe6 15.Nhf3 c5
16.a4 a6 17.b3 Rac8 18.Qe2 Rfd8 19.Ra2 cxd4 20.exd4 Nf8  1/2-1/2

[Event "GMB"]
[Site "Wijk aan Zee NED"]
[Date "2004.01.13"]
[Round "3"]
[White "Bruzon,L"]
[Black "Nijboer,F"]
[Result "1-0"]
[WhiteElo "2603"]
[BlackElo "2586"]

1.d4 Nf6 2.Bg5 c5 3.d5 Qb6 4.Nc3 Qxb2 5.Bd2 Qb6 6.e4 e5 7.f4 d6 8.Nf3 Nbd7
9.fxe5 dxe5 10.Bc4 Be7 11.Rb1 Qd8 12.Bg5 h6 13.d6 hxg5 14.Nxg5 O-O 15.O-O Nb6
16.dxe7 Qxe7 17.Rxb6 axb6 18.Nd5 Nxd5 19.Qh5 Qxg5 20.Qxg5 Nf4 21.Qxe5 Be6
22.Rxf4 Bxc4 23.Qh5 Rxa2 24.Rh4 Ra1+ 25.Kf2 f5 26.Qh7+ Kf7 27.exf5  1-0

[Event "TCh-SWE 2003-4"]
[Site "Malmo SWE"]
[Date "2004.01.17"]
[Round "6"]
[White "Bellon Lopez,JuM"]
[Black "Hjelm,N"]
[Result "0-1"]
[WhiteElo "2429"]
[BlackElo "2350"]

1.d4 Nf6 2.Bg5 d5 3.Bxf6 exf6 4.e3 Bd6 5.c4 dxc4 6.Bxc4 O-O 7.Nc3 f5 8.Qc2 Nd7
9.Bd3 g6 10.h4 h5 11.O-O-O Nf6 12.Nf3 c6 13.Kb1 Qe7 14.Ng5 Bd7 15.Rhe1 Rae8
16.Re2 Bb4 17.f3 Qd6 18.Bc4 b5 19.Bb3 a5 20.a3 Bxc3 21.Qxc3 a4 22.Ba2 Qh2
23.Qe1 Qd6 24.Ka1 Nh7 25.Nh3 Be6 26.Bxe6 Rxe6 27.Nf4 Rf6 28.g3 Qd7 29.Nd3 Rd8
30.Ne5 Qe8 31.Rc1 Re6 32.Rec2 Rdd6 33.Qb4 Nf6 34.Qc5 Nd7 35.Nxd7 Rxd7 36.Rc3 Rxe3
37.Qxc6 Rxd4 38.Rc5 Qxc6 39.Rxc6 f4 40.gxf4 Rxf4 41.Rh1 Rexf3 42.Ka2 b4  0-1

[Event "IM"]
[Site "Marianske Lazne CZE"]
[Date "2004.01.30"]
[Round "9"]
[White "Pisk,P"]
[Black "Stojkovic,A"]
[Result "1-0"]
[WhiteElo "2322"]
[BlackElo "2029"]

1.d4 Nf6 2.Bg5 d5 3.Bxf6 exf6 4.e3 Bd6 5.c4 dxc4 6.Bxc4 O-O 7.Nf3 Nd7 8.O-O c5
9.Nc3 cxd4 10.exd4 Nb6 11.Bb3 Bg4 12.h3 Bh5 13.Re1 Rc8 14.Qd3 Bb8 15.Rad1 Qd7
16.Ne4 Qc7 17.Ng3 Bg6 18.Nf5 Rfe8 19.Qb5 Qd8 20.N3h4 Bc7 21.Qb4 a5 22.Qxa5 Nc4
23.Rxe8+ Qxe8 24.Qe1 Ne5 25.dxe5 Bxe5 26.Nd6 Bxd6 27.Qxe8+ Rxe8 28.Rxd6 Bh5
29.g4  1-0

[Event "TCh-FRA Nat1 GpA"]
[Site "Nancy FRA"]
[Date "2004.01.31"]
[Round "2"]
[White "Franc,N"]
[Black "Heinz,Ti"]
[Result "0-1"]
[WhiteElo "2086"]
[BlackElo "2129"]

1.d4 Nf6 2.Bg5 d5 3.e3 Nbd7 4.c4 e6 5.Nc3 Be7 6.Nf3 O-O 7.Bd3 b6 8.O-O Bb7
9.Rc1 dxc4 10.Bxc4 c5 11.dxc5 Nxc5 12.Qe2 Nfd7 13.Bf4 a6 14.b4 Ne4 15.Nxe4 Bxe4
16.Rfd1 b5 17.Bxb5 axb5 18.Rc7 Bd5 19.e4 e5 20.Rxd7 Qxd7 21.Rxd5 Qg4 22.Bxe5 Bxb4
23.Bxg7 Rfc8 24.Bh6 Be7 25.h3 Qe6 26.Qd2 Rd8 27.Rxd8+ Rxd8 28.Qe3 b4 29.Nd4 Rxd4
30.Qxd4 Qxh6 31.Qc4 Qf6 32.Kf1 Qg5 33.Qc2 Qb5+ 34.Kg1 Qe5 35.Qc8+ Bf8 36.Qa8 Qc3
37.Qd5 Qe1+ 38.Kh2 Qxf2 39.Qg5+ Kh8 40.Qd8 Qf4+ 41.Kg1 Qd6 42.Qc8 Qc5+  0-1

[Event "TCh-FRA Nat1 GpA"]
[Site "Nancy FRA"]
[Date "2004.02.01"]
[Round "3"]
[White "Bricard,E"]
[Black "Netzer,J"]
[Result "1-0"]
[WhiteElo "2453"]
[BlackElo "2325"]

1.d4 Nf6 2.Bg5 c5 3.Bxf6 gxf6 4.d5 d6 5.e3 f5 6.c4 Bg7 7.Nc3 Nd7 8.Qc2 Nf6
9.Bd3 e6 10.Nge2 O-O 11.h3 Qa5 12.O-O Qc7 13.Rad1 b6 14.dxe6 fxe6 15.e4 fxe4
16.Bxe4 Nxe4 17.Qxe4 Bd7 18.Qd3 Rad8 19.Qxd6 Qxd6 20.Rxd6 Kf7 21.Rfd1 Ke7
22.R6d3 Bc6 23.Rxd8 Rxd8 24.Rxd8 Kxd8 25.f3 Kc7 26.Kf2 a6 27.a4 Be5 28.b3 Be8
29.g4 Bg6 30.Ne4 Kc6 31.Ke3 Bb2 32.h4 h6 33.h5 Bh7 34.f4 b5 35.axb5+ axb5
36.g5 e5 37.f5 Bxf5 38.cxb5+ Kb6 39.Nd6 Bc2 40.Nc4+ Kxb5 41.Nxb2 hxg5 42.Nc3+ Kc6
43.h6 Bf5 44.Nc4 Kd7 45.Ne4 Ke6 46.h7  1-0